000 00387nam a2200181Ia 4500
003 IT-RoPAU
005 20220918175526.0
008 120407s9999 xx 000 0 und d
040 _aIT-RoPAU
040 _cIT-RoPAU
041 _aita
100 _aSeverino Dianich
_933923
245 _aIl prete. A che serve?
300 _c cm
490 _v1
942 _cBK
_2ddc
999 _c16952
_d16952